000 00792cam a22003135 4500
999 _c8139
_d8139
001 8139
003 BD-JhCC
005 20191214133835.0
008 970224s1947 enk 000 eng d
035 _aBD-JhCC
035 _a(StEdNL)464572
035 _a(RLG)700000464572
035 _a(BD-JhCC)8139
035 _a(UkLCURL)700000464572
035 _a3582391
040 _aNLS
_dCUD
_dOCoLC
_dBD-JhCC
041 _aeng
082 _bIRO 1947
_a759.2
100 1 _aIronside, Robin.
245 1 0 _aPainting since 1939 /
_cRobin Ironside,
260 _aLondon,
_c1947.
300 _c8vo.
_a39 p. :
490 1 _aArts in Britain ;
_vno. 6
830 0 _aArts in Britain ;
_vno. 6.
942 _2ddc
_cBK
947 _alacks
_b6xx
_z600
947 _alacks
_b260
_cb
_z260